000 00493nam a2200181Ia 4500
008 240925s9999 xx 000 0 und d
020 _a534418708
082 _a519.2 MEN
100 _aMendenhall, William
245 0 _aIntroduction to Probability and Statistics
250 _a12th
260 _aAustralia:
_bThomson Learning
_c,2006.
300 _axiv,778p.
_bNA
_fOriginal
500 _aIncludes Index
600 _aHumanities & Natural Science
650 _aMathematics
942 _cBK
999 _c10003
_d10003